00409nam a2200169Ia 4500008004100000041001200041082001600053100002200069245002900091365001000120520001300130546001200143630002900155650001300184655001300197730002900210101110s9999 xx 000 0 und d aENGLISH bSR4502a380 aKoontz, Harold D. aPrinciples of Management b29.25 aCommerce aENGLISH aPrinciples of Management aCommerce aCommerce aPrinciples of Management